00460nam a22001697a 450000500170000001000150001702000260003203500140005803700130007208200190008510000230010424500550012726000330018227000450021530000240026076000060028420240301163317.0 aENG-139439 a9788192256108c630.00 aEN-122971 bDBAD/PUB a294.592121b1 aChakraburtty, Sneh aUniversal Religion/cBy Sheh ChakraburttyhEnglish aDelhibAnkit Informatics Ltd aAnkit Informatics Pvt LtdbDelhie110092 a412Pagesc22.cm pbk b1